[Event "SR 3. liga A2 2016/2017"]
[Site "?"]
[Date "2016.11.27"]
[Round "4.4"]
[White "Kubis, Ivan"]
[Black "Stefik, Miroslav"]
[Result "1-0"]
[WhiteElo "1945"]
[BlackElo "1610"]
[PlyCount "79"]
[EventDate "2016.??.??"]

1. e4 e5 2. Nf3 Nc6 3. Bb5 d6 4. O-O Nf6 5. Re1 Be7 6. c3 Bd7 7. d4 O-O 8. h3
h6 9. a4 Qc8 10. Nbd2 Bd8 11. Nf1 Re8 12. Ng3 b6 13. Be3 Na5 14. Bd3 Nh7 15. b4
Nb7 16. Qd2 Bf6 17. Ba6 Rb8 18. a5 Qd8 19. Red1 Bc6 20. axb6 axb6 21. Bd3 Ra8
22. Bc2 Bd7 23. dxe5 Bxe5 24. Rxa8 Qxa8 25. Nxe5 Rxe5 26. f4 Re8 27. e5 Bc6 28.
Bd4 Nd8 29. exd6 cxd6 30. Bxb6 Ne6 31. Be3 Nf6 32. c4 Ba4 33. Ra1 Rd8 34. Rxa4
Qc6 35. b5 Qe8 36. Ra7 Nc5 37. Bd4 Ra8 38. Rxa8 Qxa8 39. Bxf6 gxf6 40. Qxd6 1-0

[Event "SR 3. liga A2 2016/2017"]
[Site "?"]
[Date "2016.11.27"]
[Round "4.4"]
[White "Prigoda, Lubos"]
[Black "Kocak, Branislav"]
[Result "0-1"]
[WhiteElo "1476"]
[BlackElo "1889"]
[PlyCount "84"]
[EventDate "2016.??.??"]

1. e4 c5 2. Nf3 d6 3. d4 cxd4 4. Nxd4 Nf6 5. Nc3 a6 6. Be2 e5 7. Nb3 Be6 8. Bg5
Nbd7 9. O-O Be7 10. f4 exf4 11. Rxf4 O-O 12. Nd4 Ne5 13. Nxe6 fxe6 14. Kh1 h6
15. Bxf6 Rxf6 16. Rxf6 Bxf6 17. Bg4 Qe7 18. h3 Nxg4 19. Qxg4 Bxc3 20. bxc3 Qf6
21. Rd1 Qe5 22. Rd3 Rf8 23. Kg1 Rf4 24. Qg3 Rxe4 25. Qxe5 dxe5 26. Rd8+ Kh7 27.
Re8 Rc4 28. Rxe6 Rxc3 29. Rxe5 Rxc2 30. a4 Kg6 31. a5 Kf6 32. Rd5 Ke6 33. Rh5
Rb2 34. Rc5 Rb5 35. Rxb5 axb5 36. Kf1 Kd5 37. Ke1 Kc4 38. Kd2 Kb4 39. Kc2 Kxa5
40. Kb3 b4 41. h4 h5 42. g3 Kb5 0-1

[Event "SR 3. liga A2 2016/2017"]
[Site "?"]
[Date "2016.11.27"]
[Round "4.5"]
[White "Kalmar, Tamas"]
[Black "Horak, Ivan"]
[Result "1-0"]
[WhiteElo "2056"]
[BlackElo "2046"]
[PlyCount "117"]
[EventDate "2016.??.??"]

1. d4 d5 2. c4 c6 3. e3 Nf6 4. Nc3 e6 5. Nf3 Nbd7 6. Qc2 a6 7. a4 Bd6 8. Bd3
O-O 9. O-O Re8 10. h3 h6 11. Rd1 Qe7 12. g3 Rb8 13. Kg2 dxc4 14. Bxc4 b5 15.
Bd3 Bb7 16. e4 e5 17. axb5 cxb5 18. d5 Kh7 19. Be3 Nc5 20. Nd2 Rbc8 21. Qb1
Nfd7 22. Be2 Nb6 23. Bf1 Kh8 24. f3 Rf8 25. g4 Kh7 26. Ne2 g6 27. Ng3 Rg8 28.
Be2 h5 29. Rf1 h4 30. Nh1 Rcf8 31. g5 Ncd7 32. Nf2 Bc5 33. Qd3 Nc4 34. Nxc4
bxc4 35. Qd2 Bb4 36. Qc1 Rc8 37. Bxc4 f5 38. gxf6 Nxf6 39. Bg5 Qd6 40. Bxf6
Qxf6 41. Ng4 Qg7 42. b3 g5 43. Qe3 Bc5 44. Qd2 Bd4 45. Ra2 Ra8 46. Rc1 Rgf8 47.
Rac2 Rf7 48. d6 Rxf3 49. Bd5 Bxd5 50. Rc7 Rg3+ 51. Kh2 Bf7 52. Rxf7 Qxf7 53.
Rc7 Qxc7 54. dxc7 Rxb3 55. Qxg5 Rb2+ 56. Kh1 Rb1+ 57. Kg2 Rb2+ 58. Kf1 Rf8+ 59.
Nf6+ 1-0

[Event "SR 3. liga A2 2016/2017"]
[Site "?"]
[Date "2016.11.27"]
[Round "4.5"]
[White "Sefcik, Marek St"]
[Black "Veselsky, Jozef"]
[Result "0-1"]
[WhiteElo "2035"]
[BlackElo "2081"]
[PlyCount "122"]
[EventDate "2016.??.??"]

1. Nf3 d5 2. b3 Nf6 3. Bb2 g6 4. e3 Bg7 5. d4 O-O 6. Nbd2 Bf5 7. Ne5 Nbd7 8.
Ndf3 Nxe5 9. Nxe5 Nd7 10. Nxd7 Qxd7 11. Bd3 c5 12. O-O Rfc8 13. c3 e5 14. Qd2
exd4 15. exd4 Bxd3 16. Qxd3 cxd4 17. cxd4 a6 18. Qd2 Rc6 19. Rac1 Rac8 20. Rc3
Qf5 21. Rfc1 Rxc3 22. Bxc3 Bf6 23. g3 h5 24. Kg2 h4 25. f3 h3+ 26. Kf2 Bg5 27.
f4 Bf6 28. Re1 g5 29. Re3 gxf4 30. Rf3 Bg5 31. Qd3 Qe4 32. gxf4 Bh4+ 33. Kf1
Re8 34. Qxe4 Rxe4 35. Rxh3 Rxf4+ 36. Ke2 Bf6 37. Kd3 Bg7 38. a4 f5 39. Rg3 Kf7
40. h3 Bf6 41. b4 b5 42. a5 Rf1 43. Ke2 Rh1 44. Rf3 Rh2+ 45. Kd3 Kg6 46. Be1
Bg5 47. h4 Bxh4 48. Bxh4 Rxh4 49. Re3 Re4 50. Rg3+ Kf7 51. Rg5 Rf4 52. Rh5 Rf3+
53. Kc2 Kg7 54. Rg5+ Kf6 55. Rg8 Re3 56. Rd8 f4 57. Rxd5 f3 58. Rd6+ Ke7 59.
Rxa6 f2 60. Ra7+ Kf8 61. Ra8+ Re8 0-1

[Event "SR 3. liga A2 2016/2017"]
[Site "?"]
[Date "2016.11.27"]
[Round "4.5"]
[White "Ivan, Imrich Ml"]
[Black "Kovarik, Oto"]
[Result "1-0"]
[WhiteElo "1993"]
[BlackElo "1793"]
[PlyCount "105"]
[EventDate "2016.??.??"]

1. Nf3 d5 2. d4 e6 3. Bf4 c5 4. e3 Nc6 5. c3 Nf6 6. Bb5 Be7 7. O-O O-O 8. Bxc6
bxc6 9. Ne5 Bb7 10. Nd2 Nd7 11. Ndf3 Nxe5 12. Nxe5 Bd6 13. Qg4 f5 14. Qg3 cxd4
15. exd4 Be7 16. Nf3 Bf6 17. Rfe1 Qd7 18. Re3 Rae8 19. Rae1 Bc8 20. h4 Rf7 21.
b4 g6 22. Ne5 Bxe5 23. Bxe5 Qe7 24. a4 Rd8 25. f4 Rff8 26. h5 Qf7 27. Kf2 Rfe8
28. Rh1 Kf8 29. Qg5 Rd7 30. Rg3 gxh5 31. Bf6 Qg6 32. Qh4 Qf7 33. Rg7 Qxg7 34.
Bxg7+ Rxg7 35. Qf6+ Kg8 36. Rxh5 Rg6 37. Rg5 Rxg5 38. fxg5 Rf8 39. Qe7 Rf7 40.
Qe8+ Rf8 41. Qxc6 a6 42. b5 axb5 43. axb5 Kg7 44. b6 Kg6 45. b7 Bxb7 46. Qxb7
Kxg5 47. Qxh7 Rf6 48. Kf3 Rg6 49. g3 Kf6 50. Qh8+ Kf7 51. Kf4 Rg7 52. Ke5 Rg6
53. Qh7+ 1-0

[Event "SR 3. liga A2 2016/2017"]
[Site "?"]
[Date "2016.11.27"]
[Round "4.5"]
[White "Hrubos, Milan"]
[Black "Meszaros, Lorant"]
[Result "1/2-1/2"]
[WhiteElo "1803"]
[BlackElo "2015"]
[PlyCount "47"]
[EventDate "2016.??.??"]

1. e4 e5 2. Nf3 Nc6 3. Bb5 a6 4. Ba4 d6 5. h3 Bd7 6. O-O b5 7. Bb3 Na5 8. c3
Nxb3 9. axb3 Nf6 10. d4 Nxe4 11. dxe5 Nc5 12. Bf4 Ne6 13. Bg3 Bc6 14. Nbd2 Be7
15. b4 O-O 16. Nb3 dxe5 17. Nxe5 Bd5 18. Na5 Bf6 19. Re1 Bxe5 20. Rxe5 c6 21.
b3 f6 22. Re3 Ng5 23. Rd3 Qc8 24. Bd6 1/2-1/2

[Event "SR 3. liga A2 2016/2017"]
[Site "?"]
[Date "2016.11.27"]
[Round "4.5"]
[White "Vegh, Vince"]
[Black "Vach, Jozef"]
[Result "1-0"]
[WhiteElo "1946"]
[BlackElo "1702"]
[PlyCount "79"]
[EventDate "2016.??.??"]

1. e4 e5 2. Nf3 Nc6 3. Bb5 a6 4. Ba4 d6 5. h3 Be7 6. c3 b5 7. Bc2 Nf6 8. O-O
O-O 9. a4 Bb7 10. d3 d5 11. Qe2 d4 12. cxd4 Nxd4 13. Nxd4 exd4 14. Nd2 c5 15.
f4 Qd7 16. Nf3 h6 17. Bd2 Rac8 18. axb5 axb5 19. Ra7 Ra8 20. Rfa1 Rxa7 21. Rxa7
Ra8 22. Rxa8+ Bxa8 23. Bb3 Qc7 24. Ne5 Kf8 25. Bxf7 Bd6 26. Bg6 Bxe5 27. fxe5
Qxe5 28. Qf2 Kg8 29. Bf4 Qe7 30. b3 Kh8 31. Qa2 Bc6 32. Qa5 Nxe4 33. Qe1 Bd5
34. Bxe4 Bxb3 35. Qa5 b4 36. Qa8+ Bg8 37. Bd5 Qe1+ 38. Kh2 Kh7 39. Qxg8+ Kg6
40. Qf7+ 1-0

[Event "SR 3. liga A2 2016/2017"]
[Site "?"]
[Date "2016.11.27"]
[Round "4.5"]
[White "Stehlik, Jan"]
[Black "Szekely, Stefan"]
[Result "1/2-1/2"]
[WhiteElo "1626"]
[BlackElo "1824"]
[PlyCount "42"]
[EventDate "2016.??.??"]

1. e4 d6 2. d4 Nf6 3. Nc3 g6 4. Nf3 Bg7 5. g3 c6 6. Bg2 Na6 7. O-O O-O 8. a3
Nc7 9. Qd3 b6 10. b3 Ba6 11. Qd1 Bxf1 12. Qxf1 Rc8 13. Bb2 c5 14. Qe2 e6 15.
Rd1 Qe7 16. Nb1 Rcd8 17. c4 Rfe8 18. Nc3 h6 19. h3 Nh7 20. h4 cxd4 21. Nxd4
Bxd4 1/2-1/2

[Event "SR 3. liga A2 2016/2017"]
[Site "?"]
[Date "2016.11.27"]
[Round "4.5"]
[White "Both, Lajos"]
[Black "Benak, Peter"]
[Result "1-0"]
[WhiteElo "1808"]
[BlackElo "1588"]
[PlyCount "97"]
[EventDate "2016.??.??"]

1. Nf3 Nf6 2. g3 g6 3. Bg2 Bg7 4. O-O O-O 5. d4 d5 6. Bf4 Nc6 7. c3 Bf5 8. h3
Re8 9. Nbd2 Ne4 10. g4 Nxd2 11. Nxd2 Bc8 12. e4 e6 13. e5 b6 14. Nf3 Ba6 15.
Re1 Na5 16. Qa4 Bd3 17. Nd2 c5 18. Re3 b5 19. Qd1 c4 20. g5 Nc6 21. h4 Ne7 22.
Bh3 a5 23. Nf3 Qd7 24. Nh2 b4 25. Ng4 bxc3 26. bxc3 Qb5 27. Nf6+ Bxf6 28. gxf6
Nc6 29. h5 Qb2 30. hxg6 hxg6 31. Bh6 Qxc3 32. Bf1 Qxd4 33. Bxd3 cxd3 34. Bg7
Qh4 35. Qf3 Nd4 36. Qg3 Nf5 37. Qxh4 Nxh4 38. Rh3 g5 39. Bh6 Kh7 40. Bxg5 Kg6
41. Bxh4 Kf5 42. Bg3 Rac8 43. Rd1 Rc2 44. Rxd3 Rxa2 45. Kg2 Rc8 46. Rf3+ Kg5
47. Rh7 Rc7 48. Rg7+ Kh5 49. Bf4 1-0

[Event "SR 3. liga A2 2016/2017"]
[Site "?"]
[Date "2016.11.27"]
[Round "4.5"]
[White "Daniel, Dusan"]
[Black "Sarkozi, Szabolcs"]
[Result "0-1"]
[WhiteElo "1528"]
[BlackElo "1584"]
[PlyCount "46"]
[EventDate "2016.??.??"]

1. e4 c5 2. Nf3 e6 3. Bb5 a6 4. Ba4 b5 5. Bb3 c4 6. Bxc4 bxc4 7. d3 cxd3 8.
cxd3 Bb4+ 9. Bd2 Bxd2+ 10. Nbxd2 Nf6 11. O-O O-O 12. Rc1 Nc6 13. Nc4 Qe7 14.
Re1 Rb8 15. b3 Bb7 16. Qd2 Ba8 17. Qf4 Rfd8 18. e5 Nd5 19. Qg4 Ncb4 20. Red1
Nxa2 21. Ra1 Ndc3 22. Rd2 Bxf3 23. Qxf3 Nb4 0-1

[Event "SR 3. liga A2 2016/2017"]
[Site "?"]
[Date "2016.11.27"]
[Round "4.6"]
[White "Cech, Dominik"]
[Black "Stanec, Stanislav"]
[Result "0-1"]
[WhiteElo "2174"]
[BlackElo "2078"]
[PlyCount "142"]
[EventDate "2016.??.??"]

1. e4 c5 2. Nf3 Nc6 3. d4 cxd4 4. Nxd4 d6 5. Nc3 e6 6. Be2 Be7 7. Be3 Nf6 8.
O-O O-O 9. f4 a6 10. a4 Qc7 11. Kh1 Bd7 12. Nb3 Na5 13. Nxa5 Qxa5 14. Qd3 Bc6
15. b4 Qc7 16. b5 Bd7 17. Bd4 e5 18. b6 Qb8 19. fxe5 dxe5 20. Be3 Qd6 21. Qxd6
Bxd6 22. Rxf6 gxf6 23. Rd1 Rac8 24. Rxd6 Rxc3 25. Bh6 Bc6 26. Bxf8 Kxf8 27.
Rxf6 Rxc2 28. Bf1 Bxe4 29. Kg1 Ke7 30. Rh6 Ra2 31. Rh4 Rxa4 32. Kf2 Ra2+ 33.
Kg3 Bd3 34. Bxd3 Ra3 35. Rxh7 Rxd3+ 36. Kg4 Rd2 37. g3 Rf2 38. h4 Rf6 39. Rh5
Re6 40. Kf3 a5 41. Ke2 Kf6 42. Rh8 Kf5 43. Ra8 Rxb6 44. Rxa5 Rb2+ 45. Kf3 Rb3+
46. Kf2 b5 47. Ra7 f6 48. Rg7 Ke4 49. h5 Rb2+ 50. Kg1 Rd2 51. h6 Rd8 52. h7 Rh8
53. Kf2 f5 54. g4 fxg4 55. Rxg4+ Kd3 56. Rb4 Rxh7 57. Rxb5 Ke4 58. Rb3 Rh2+ 59.
Ke1 Kf4 60. Ra3 e4 61. Kf1 Rd2 62. Ke1 Rc2 63. Kf1 Ke5 64. Ke1 Kd4 65. Kd1 Rb2
66. Ke1 Rg2 67. Kf1 Rd2 68. Ra4+ Ke3 69. Ra3+ Rd3 70. Ra2 Rd1+ 71. Kg2 Rd2+ 0-1

[Event "SR 3. liga A2 2016/2017"]
[Site "?"]
[Date "2016.11.27"]
[Round "4.6"]
[White "Berger, Patrik"]
[Black "Kundrik, Peter"]
[Result "1/2-1/2"]
[WhiteElo "1979"]
[BlackElo "2253"]
[PlyCount "64"]
[EventDate "2016.??.??"]

1. e4 c5 2. Nf3 Nc6 3. d4 cxd4 4. Nxd4 Nf6 5. Nc3 e5 6. Ndb5 d6 7. Bg5 a6 8.
Na3 b5 9. Nd5 Qa5+ 10. Bd2 Qd8 11. Bg5 Be7 12. Bxf6 Bxf6 13. c3 O-O 14. Be2 Bg5
15. O-O f5 16. Bf3 Rb8 17. Nc2 f4 18. Ncb4 Bb7 19. a4 Nxb4 20. Nxb4 a5 21. Nd5
bxa4 22. Rxa4 Ba6 23. Re1 Rxb2 24. Qa1 Qb8 25. Nb4 Rxf2 26. Nxa6 Qb6 27. Kh1
Qxa6 28. Rxa5 Qc6 29. Rd1 Rc2 30. Ra6 Qxc3 31. Qxc3 Rxc3 32. Raxd6 Rcc8 1/2-1/2

[Event "SR 3. liga A2 2016/2017"]
[Site "?"]
[Date "2016.11.27"]
[Round "4.6"]
[White "Abel, Peter"]
[Black "Vepy, Ivan"]
[Result "1-0"]
[WhiteElo "2199"]
[BlackElo "1907"]
[PlyCount "45"]
[EventDate "2016.??.??"]

1. c4 Nf6 2. Nc3 d5 3. cxd5 Nxd5 4. g3 Nxc3 5. bxc3 g6 6. Bg2 Bg7 7. Qb3 c6 8.
Nf3 Nd7 9. Ba3 O-O 10. h4 Nb6 11. O-O Be6 12. Qc2 Qd7 13. Rfe1 Rad8 14. d3 Bh3
15. Bxh3 Qxh3 16. Bxe7 Nd5 17. Bxd8 Bxc3 18. Bg5 Bxe1 19. Nxe1 Re8 20. e4 Nc7
21. Rb1 Ne6 22. Be3 Ng7 23. Rxb7 1-0

[Event "SR 3. liga A2 2016/2017"]
[Site "?"]
[Date "2016.11.27"]
[Round "4.6"]
[White "Vogl, Zdenek"]
[Black "Nemsak, Denis"]
[Result "0-1"]
[WhiteElo "1934"]
[BlackElo "2009"]
[PlyCount "56"]
[EventDate "2016.??.??"]

1. e4 d5 2. exd5 Nf6 3. Nc3 Nxd5 4. Nxd5 Qxd5 5. Nf3 Nc6 6. Be2 Bf5 7. O-O e5
8. d3 O-O-O 9. Be3 f6 10. Nd2 Kb8 11. Bf3 Qd7 12. Ne4 Nd4 13. Bxd4 Qxd4 14. Rb1
Be7 15. Qe2 Qd7 16. Rfd1 g5 17. Qe3 g4 18. Be2 h5 19. g3 h4 20. Kg2 Be6 21. c4
Rh5 22. f3 hxg3 23. Nxg3 Rh4 24. fxg4 Bxg4 25. Rh1 Bh3+ 26. Kg1 Qc6 27. Bf3 Bc5
28. Bxc6 Bxe3# 0-1

[Event "SR 3. liga A2 2016/2017"]
[Site "?"]
[Date "2016.11.27"]
[Round "4.6"]
[White "Mihalik, Marek"]
[Black "Harastova, Viera"]
[Result "1/2-1/2"]
[WhiteElo "2045"]
[BlackElo "1871"]
[PlyCount "93"]
[EventDate "2016.??.??"]

1. d4 d5 2. c4 e6 3. Nc3 Nf6 4. Bg5 Be7 5. e3 Nbd7 6. Nf3 O-O 7. Qc2 b6 8. cxd5
exd5 9. Bd3 g6 10. Ne5 Bb7 11. Bh6 Re8 12. O-O-O c5 13. Kb1 c4 14. Be2 Bb4 15.
Nxd7 Qxd7 16. Bf3 Bxc3 17. Qxc3 a5 18. Qc2 b5 19. h4 b4 20. h5 a4 21. hxg6 fxg6
22. Bf4 b3 23. Qc3 Qb5 24. a3 Bc8 25. Be5 Bf5+ 26. Kc1 Ne4 27. Bxe4 Bxe4 28.
Rh2 Rf8 29. f3 Bd3 30. Kd2 Rf7 31. Rdh1 Raf8 32. Rh4 Qb6 33. Rf4 Rxf4 34. Bxf4
Rf7 35. Be5 Qb5 36. Bd6 Qb6 37. Bf4 Qb5 38. Be5 Qb6 39. Rh4 Qb5 40. Rh2 Qb6 41.
Rh4 Qb5 42. Bd6 Qb6 43. Qb4 Qxb4+ 44. Bxb4 Kg7 45. Bd6 g5 46. Rh1 Kg6 47. Be5
1/2-1/2

[Event "SR 3. liga A2 2016/2017"]
[Site "?"]
[Date "2016.11.27"]
[Round "4.6"]
[White "Hrubsa, Marian"]
[Black "Manak, Jozef"]
[Result "1-0"]
[WhiteElo "1836"]
[BlackElo "1994"]
[PlyCount "75"]
[EventDate "2016.??.??"]

1. e4 c5 2. Nf3 d6 3. d4 cxd4 4. Nxd4 Nf6 5. Nc3 a6 6. Be2 b5 7. a3 Bb7 8. Bd3
Nbd7 9. O-O g6 10. f4 Bg7 11. Be3 e5 12. Nf3 Ng4 13. Qd2 Nxe3 14. Qxe3 Qb6 15.
Qxb6 Nxb6 16. fxe5 dxe5 17. Rad1 O-O 18. Be2 Rac8 19. Rd6 Nc4 20. Bxc4 Rxc4 21.
Ng5 Rc7 22. Nd5 Bxd5 23. exd5 h6 24. Ne4 Rxc2 25. Rxa6 f5 26. Nc3 Rxb2 27. d6
e4 28. Nd5 Rd2 29. Ne7+ Kh7 30. Rc1 e3 31. Kf1 f4 32. Rc7 f3 33. gxf3 Rxf3+ 34.
Ke1 h5 35. Nd5 Rxd5 36. Raa7 Rxd6 37. Rxg7+ Kh6 38. h4 1-0

[Event "SR 3. liga A2 2016/2017"]
[Site "?"]
[Date "2016.11.27"]
[Round "4.6"]
[White "Mihalik, Anton"]
[Black "Bartos, Bohumil"]
[Result "1-0"]
[WhiteElo "1944"]
[BlackElo "1686"]
[PlyCount "47"]
[EventDate "2016.??.??"]

1. c4 c5 2. Nc3 Nc6 3. Nf3 Nf6 4. g3 g6 5. Bg2 Bg7 6. O-O O-O 7. e3 e5 8. d4
cxd4 9. exd4 exd4 10. Nxd4 Nxd4 11. Qxd4 Ne8 12. Qd3 Nc7 13. Bf4 Ne6 14. Bd6
Re8 15. Rfe1 Bf8 16. Bxf8 Rxf8 17. Nd5 Rb8 18. Qc3 f5 19. Rad1 Rf7 20. Ne3 Qf6
21. Qa3 a6 22. Nd5 Qg7 23. Qd6 Ra8 24. Nb6 1-0

[Event "SR 3. liga A2 2016/2017"]
[Site "?"]
[Date "2016.11.27"]
[Round "4.6"]
[White "Danihel, Jozef"]
[Black "Manak, Adrian"]
[Result "0-1"]
[WhiteElo "1517"]
[BlackElo "1948"]
[PlyCount "70"]
[EventDate "2016.??.??"]

1. d4 d5 2. c4 c6 3. Nc3 e5 4. dxe5 d4 5. Ne4 Qa5+ 6. Nd2 Qxe5 7. Ngf3 Qd6 8.
a3 Nf6 9. Nb3 Be6 10. c5 Qd7 11. Nbxd4 Bxc5 12. e3 Bd5 13. b4 Bd6 14. Bd3 O-O
15. Bf5 Qc7 16. Bb2 Nbd7 17. Rc1 a6 18. O-O Ne5 19. Nxe5 Bxe5 20. h3 Rad8 21.
f4 Bd6 22. Nf3 Qe7 23. Qd4 Rfe8 24. Rce1 c5 25. Qd2 Bxf3 26. Rxf3 Bxf4 27. Qc1
Be5 28. Bxe5 Qxe5 29. Bb1 cxb4 30. axb4 Rc8 31. Qd2 Qc3 32. Qf2 Qxb4 33. Qg3
Ne4 34. Qh4 g5 35. Rff1 gxh4 0-1

[Event "SR 3. liga A2 2016/2017"]
[Site "?"]
[Date "2016.12.11"]
[Round "5.1"]
[White "Jozefek, Michal"]
[Black "Spacek, Oliver"]
[Result "0-1"]
[WhiteElo "2200"]
[BlackElo "2087"]
[PlyCount "80"]
[EventDate "2016.??.??"]

1. d4 d5 2. c4 dxc4 3. Nf3 c5 4. Qa4+ Bd7 5. Qxc4 cxd4 6. Nxd4 Na6 7. Nc3 Rc8
8. Qb3 Nc5 9. Qc2 Nf6 10. Bd2 g6 11. e3 Bg7 12. Be2 O-O 13. O-O e5 14. Nf3 Bf5
15. Qd1 Re8 16. Rc1 a6 17. Na4 Nd3 18. Rxc8 Qxc8 19. Qb3 Rd8 20. Ba5 Nc1 21.
Qc4 Nxe2+ 22. Qxe2 Re8 23. Nb6 Qc5 24. b4 Qc6 25. Rd1 Ne4 26. Qb2 Nc3 27. Re1
Bd3 28. Qb3 e4 29. Ng5 Qf6 30. Nh3 Qf5 31. a4 g5 32. Kh1 Ne2 33. Nc4 Re6 34.
Bc7 Rc6 35. Nd6 Qe6 36. Qxe6 fxe6 37. Ne8 Bc3 38. Rd1 Kf8 39. b5 Rc4 40. bxa6
bxa6 0-1

[Event "SR 3. liga A2 2016/2017"]
[Site "?"]
[Date "2016.12.11"]
[Round "5.1"]
[White "Nemeckay, Rastislav"]
[Black "Vepy, Ivan"]
[Result "1-0"]
[WhiteElo "1982"]
[BlackElo "1881"]
[PlyCount "93"]
[EventDate "2016.??.??"]

1. e4 e5 2. Nf3 Nc6 3. Bb5 a6 4. Bxc6 dxc6 5. d4 exd4 6. Qxd4 Qxd4 7. Nxd4 Nf6
8. f3 Be7 9. Be3 Bd7 10. Nc3 Bb4 11. Nde2 O-O 12. a3 Be7 13. O-O-O Rad8 14. Rd2
Be6 15. Rhd1 Rxd2 16. Rxd2 Rd8 17. Bf4 Rxd2 18. Kxd2 Bd8 19. Nd4 Bc8 20. g4 h6
21. Nce2 Nd7 22. c3 Nf8 23. h3 Bg5 24. Be3 Bxe3+ 25. Kxe3 Ne6 26. Nxe6 Bxe6 27.
Nd4 Bd7 28. f4 g6 29. Kf3 Kf8 30. h4 c5 31. Nb3 b6 32. f5 Ke7 33. Kf4 a5 34.
Nd2 Be8 35. g5 hxg5+ 36. hxg5 gxf5 37. exf5 Bc6 38. Ke5 Ba4 39. Ne4 Bb3 40. Nf6
Ba2 41. Nd5+ Kd7 42. g6 fxg6 43. fxg6 Kc6 44. Ne3 b5 45. g7 Bg8 46. Nf5 Bb3 47.
Ne7+ 1-0

[Event "SR 3. liga A2 2016/2017"]
[Site "?"]
[Date "2016.12.11"]
[Round "5.1"]
[White "Londin, Martin"]
[Black "Diviak, Rastislav"]
[Result "1/2-1/2"]
[WhiteElo "1906"]
[BlackElo "1960"]
[PlyCount "79"]
[EventDate "2016.??.??"]

1. e4 c5 2. Nf3 a6 3. d4 cxd4 4. Nxd4 Nf6 5. Nc3 e5 6. Nb3 Bb4 7. Qd3 d5 8. Bd2
d4 9. Ne2 Bxd2+ 10. Nxd2 O-O 11. c3 Nc6 12. g3 Be6 13. a3 Qb6 14. c4 Nd7 15. b4
a5 16. c5 Qc7 17. Rb1 axb4 18. axb4 Ra4 19. Qb5 Rfa8 20. Nc1 d3 21. Qxd3 Nxb4
22. Qd6 Qxc5 23. Qxc5 Nxc5 24. Bb5 Ra1 25. Rxa1 Rxa1 26. O-O Bh3 27. Rd1 g6 28.
Be2 Nc2 29. Ncb3 Nxb3 30. Nxb3 Rxd1+ 31. Bxd1 Nd4 32. Nxd4 exd4 33. g4 f5 34.
exf5 gxf5 35. f3 fxg4 36. fxg4 Kg7 37. Kf2 h5 38. gxh5 Kh6 39. Kf3 b5 40. Ke4
1/2-1/2

[Event "SR 3. liga A2 2016/2017"]
[Site "?"]
[Date "2016.12.11"]
[Round "5.1"]
[White "Ocko, Martin"]
[Black "Harastova, Viera"]
[Result "1-0"]
[WhiteElo "1936"]
[BlackElo "1870"]
[PlyCount "119"]
[EventDate "2016.??.??"]

1. e4 e5 2. Nf3 Nc6 3. Bb5 a6 4. Ba4 Nf6 5. d3 b5 6. Bb3 Be7 7. O-O O-O 8. Re1
d6 9. c3 Bb7 10. Nbd2 h6 11. Nf1 Re8 12. Ng3 Bf8 13. Nf5 Ne7 14. N3h4 Bc8 15.
Qf3 Bxf5 16. exf5 Qd7 17. g4 Qc6 18. Qg3 Ned5 19. g5 Nh5 20. Qg2 Ne7 21. Qxc6
Nxc6 22. Bd5 Na7 23. Bxa8 Rxa8 24. Ng2 hxg5 25. Bxg5 f6 26. Be3 Nc6 27. a4 b4
28. Rec1 Rc8 29. a5 d5 30. d4 Bd6 31. dxe5 Bxe5 32. Rd1 bxc3 33. bxc3 Rd8 34.
Bd4 Kf7 35. Rab1 Nxa5 36. Ra1 Nb3 37. Rxa6 Nxd4 38. cxd4 Bd6 39. Rda1 Nf4 40.
Nxf4 Bxf4 41. Ra8 Rd7 42. Rh8 Rd6 43. Raa8 Ke7 44. Rhg8 Bh6 45. Rge8+ Kd7 46.
Rad8+ Kc6 47. Re6 Kb5 48. Rexd6 cxd6 49. Rc8 Kb6 50. h4 Kb7 51. Rc2 Kb6 52. Kg2
Kb5 53. Kf3 Kb6 54. Kg4 Kb7 55. Kh5 Kb6 56. Kg6 Kb7 57. Kf7 Kb6 58. Ke6 Bf4 59.
Kxd5 Kb7 60. Ke6 1-0

[Event "SR 3. liga A2 2016/2017"]
[Site "?"]
[Date "2016.12.11"]
[Round "5.1"]
[White "Hrubsa, Marian"]
[Black "Danada, Ondrej"]
[Result "1-0"]
[WhiteElo "1878"]
[BlackElo "1886"]
[PlyCount "93"]
[EventDate "2016.??.??"]

1. e4 c6 2. d4 d5 3. Nc3 dxe4 4. Nxe4 Bf5 5. Ng3 Bg6 6. Nf3 Nd7 7. h4 h6 8. h5
Bh7 9. Bd3 Bxd3 10. Qxd3 Qc7 11. Bd2 Ngf6 12. O-O-O e6 13. Kb1 Bd6 14. Ne2
O-O-O 15. c4 c5 16. Rh4 Kb8 17. Nc3 a6 18. d5 exd5 19. Nxd5 Nxd5 20. cxd5 Nf6
21. Qb3 Qd7 22. Bc3 Qf5+ 23. Ka1 Ng4 24. Nd2 Nxf2 25. Rf1 Bg3 26. Rh3 Qf4 27.
Nc4 Rxd5 28. Na5 Rd7 29. Be5+ Qxe5 30. Nc6+ Kc7 31. Nxe5 Bxe5 32. Rxf2 Rhd8 33.
Rxf7 Rxf7 34. Qxf7+ Rd7 35. Qf1 Rd2 36. Rb3 b5 37. Qe1 Rd5 38. Re3 Bf6 39. a3
c4 40. Re6 Rd3 41. Qe4 Rd6 42. Rxd6 Kxd6 43. Qb7 c3 44. Qxa6+ Kc5 45. bxc3
Bxc3+ 46. Ka2 b4 47. Kb3 1-0

[Event "SR 3. liga A2 2016/2017"]
[Site "?"]
[Date "2016.12.11"]
[Round "5.1"]
[White "Skapik, Branislav"]
[Black "Planka, Peter"]
[Result "0-1"]
[WhiteElo "1844"]
[BlackElo "1795"]
[PlyCount "153"]
[EventDate "2016.??.??"]

1. c4 e5 2. Nc3 Nf6 3. d3 Be7 4. Nf3 d6 5. g3 O-O 6. Bg2 h6 7. b4 c6 8. a3 Be6
9. Bd2 Qc8 10. h3 Nbd7 11. Rc1 Qc7 12. O-O Rfc8 13. Nh2 Nh7 14. e4 Rf8 15. g4
a6 16. Be3 Bg5 17. Qd2 Bxe3 18. Qxe3 c5 19. Nd5 Bxd5 20. cxd5 b6 21. f4 Qd8 22.
Nf3 Qe7 23. fxe5 Nxe5 24. d4 Nxf3+ 25. Rxf3 cxd4 26. Qxd4 Rac8 27. Rfc3 Rxc3
28. Rxc3 Rb8 29. Rc6 Qd8 30. e5 dxe5 31. Qxe5 a5 32. d6 Nf6 33. b5 Kf8 34. Rc7
Nd7 35. Qf5 Nf6 36. Qe5 Nd7 37. Qf4 Qe8 38. Rc1 Qe5 39. Qxe5 Nxe5 40. Re1 f6
41. Bc6 Rd8 42. Rd1 Nc4 43. d7 Ne5 44. Kg2 Ke7 45. Re1 Kd6 46. Rd1+ Kc7 47. Rc1
Nxd7 48. Be4+ Nc5 49. Kf3 Rd4 50. Bg6 Kd6 51. Ke3 Ke5 52. Rc2 Rd1 53. Re2 Ra1
54. Kf3+ Kd4 55. Re7 Rxa3+ 56. Kg2 a4 57. Rxg7 Nd3 58. Rd7+ Kc4 59. Bf5 Nf4+
60. Kf1 Rxh3 61. Rd6 a3 62. Bh7 a2 63. Bg8+ Kxb5 64. Bxa2 Rh1+ 65. Kf2 Rh2+ 66.
Kg3 Rxa2 67. Kxf4 Kc5 68. Rd8 b5 69. Rc8+ Kd4 70. Rd8+ Kc3 71. Rc8+ Kb3 72. Kf5
Rf2+ 73. Kg6 Rg2 74. Kf5 h5 75. gxh5 Rg5+ 76. Kxf6 Rxh5 77. Ke6 0-1

[Event "SR 3. liga A2 2016/2017"]
[Site "?"]
[Date "2016.12.11"]
[Round "5.1"]
[White "Jarabek, Milan"]
[Black "Diviak, Rudolf"]
[Result "0-1"]
[WhiteElo "1742"]
[BlackElo "1810"]
[PlyCount "108"]
[EventDate "2016.??.??"]

1. e4 e5 2. d4 exd4 3. c3 d5 4. exd5 Qxd5 5. cxd4 Bb4+ 6. Nc3 Nc6 7. a3 Bxc3+
8. bxc3 Nf6 9. Nf3 O-O 10. Be2 Ne4 11. Bd2 Nxd2 12. Qxd2 Na5 13. Qa2 Be6 14.
Qxd5 Bxd5 15. O-O Rfe8 16. Bd3 Bxf3 17. gxf3 Rad8 18. Rfe1 Kf8 19. Rxe8+ Rxe8
20. Kf1 Nb3 21. Rd1 b6 22. Bc2 Na5 23. Re1 Nc4 24. Rxe8+ Kxe8 25. a4 Ke7 26.
Ke2 g6 27. f4 f6 28. f5 g5 29. f4 h5 30. Kf3 a5 31. Bd3 Nd6 32. c4 c6 33. Ke3
g4 34. Kf2 h4 35. d5 cxd5 36. cxd5 Nf7 37. Ke3 Kd6 38. Kd4 Nh6 39. Ke4 Ng8 40.
Be2 Ne7 41. Bxg4 Nxd5 42. Kd4 Nc7 43. Be2 Nd5 44. Bb5 Nxf4 45. Ke4 Nd5 46. Kf3
Nc3 47. Be8 b5 48. axb5 a4 49. b6 a3 50. b7 Kc7 51. b8=Q+ Kxb8 52. Bf7 Kc7 53.
Kg4 Kd6 54. Bb3 Ke5 0-1

[Event "SR 3. liga A2 2016/2017"]
[Site "?"]
[Date "2016.12.11"]
[Round "5.1"]
[White "Pericka, Pavol"]
[Black "Bartos, Bohumil"]
[Result "1/2-1/2"]
[WhiteElo "1821"]
[BlackElo "1669"]
[PlyCount "76"]
[EventDate "2016.??.??"]

1. e4 c5 2. Bc4 Nc6 3. Nf3 d6 4. Nc3 a6 5. a4 Nf6 6. h3 e6 7. d3 Be7 8. Ne2 O-O
9. O-O d5 10. exd5 exd5 11. Ba2 h6 12. c3 Bd6 13. Nf4 Bxf4 14. Bxf4 Be6 15. Re1
Re8 16. d4 c4 17. Bb1 Qd7 18. Ne5 Nxe5 19. Rxe5 Ne4 20. Bxe4 dxe4 21. Rxe4 Bd5
22. Re3 Rxe3 23. Bxe3 Qf5 24. Qg4 Qxg4 25. hxg4 Re8 26. Re1 Re6 27. f3 Kh7 28.
Kf2 Rb6 29. Rb1 Rf6 30. Rh1 Rb6 31. Bc1 Kg6 32. Rh5 Rd6 33. Re5 Bc6 34. Rc5 Bd5
35. Bf4 Rd7 36. Bc7 Kf6 37. Be5+ Kg6 38. Bc7 Kf6 1/2-1/2